Caracterización de calidad de sitio forestal en el valle medio del Río Colorado y valle de Conesa para Salicáceas /
Guardado en:
| Autor Principal: | |
|---|---|
| Otros Autores: | |
| Formato: | Libro |
| Idioma: | Spanish |
| Publicado: |
Bahía Blanca,
2013.
|
| Etiquetas: |
Agregar Etiqueta
Sin Etiquetas, Sea el primero en etiquetar este registro!
|
| LEADER | 00706nam a22001695a 4500 | ||
|---|---|---|---|
| 001 | EEA.libagro009233 | ||
| 005 | 20181029134045.0 | ||
| 008 | 130809s2013####ag#a##########000#0#spa#d | ||
| 041 | 1 | |a spa | |
| 082 | 0 | 4 | |a 634.9723 |
| 100 | 1 | |a Carbó, Julián Esteban. | |
| 245 | 1 | 0 | |a Caracterización de calidad de sitio forestal en el valle medio del Río Colorado y valle de Conesa para Salicáceas / |c Julián Esteban Carbó. |
| 260 | |a Bahía Blanca, |c 2013. | ||
| 300 | |a 46 h. : |b il. ; |c 30 cm. | ||
| 500 | |a Trabajo de intensificación (Ingeniero Agrónomo) -- Universidad Nacional del Sur. Departamento de Agronomía, 2013. | ||
| 700 | 1 | |a Caro, Luis Alberto, |e tutor. | |
| 859 | |a AR-BbBCA |b BIB. AGRONOMIA |h 634.9723 |i C264 |p 2013/6297 | ||
